000 00275nam a22001217a 4500
005 20170620153044.0
008 170620b xxu||||| |||| 00| 0 eng d
041 _aeng
245 _aCIVIL ENGINEERING GATE - 2016
260 _bENGINEERS ACADEMY
300 _a492
942 _cBK
999 _c5475
_d5473